Online
Catalog

Mejore su golf / (Record no. 20781)

MARC details
000 -CABECERA
campo de control de longitud fija 00911nam a2200277 a 4500
001 - NÚMERO DE CONTROL
campo de control 000021281
005 - FECHA Y HORA DE LA ÚLTIMA TRANSACCIÓN
campo de control 20241204114232.0
008 - DATOS DE LONGITUD FIJA--INFORMACIÓN GENERAL
campo de control de longitud fija 100903s1970 sp a 000 0 spa d
040 ## - FUENTE DE LA CATALOGACIÓN
Centro catalogador/agencia de origen DO-SdBNP
Lengua de catalogación spa
Centro/agencia transcriptor BNPHU
041 17 - CÓDIGO DE LENGUA
Código de lengua del texto/banda sonora o título independiente spa
Código de lengua original eng
Fuente del código Código de idiomas MARC
082 ## - NÚMERO DE LA CLASIFICACIÓN DECIMAL DEWEY
Número de clasificación 796.352
Número de documento/Ítem C877m
049 ## - FONDOS LOCALES (OCLC)
Fondos de biblioteca BNGR
100 1# - ENTRADA PRINCIPAL--NOMBRE DE PERSONA
Nombre de persona Cox, Bill.
Fechas asociadas al nombre 1910-
9 (RLIN) 44465
240 10 - TÍTULO UNIFORME
Título uniforme Improve your golf.
Lenguaje de la obra Español
245 10 - MENCIÓN DE TÍTULO
Título Mejore su golf /
Mención de responsabilidad, etc. Bill Cox ; traducción Jaime Maceín Sinova.
260 ## - PUBLICACIÓN, DISTRIBUCIÓN, ETC.
Lugar de publicación, distribución, etc. Madrid, (España) :
Nombre del editor, distribuidor, etc. Editorial Mediterráneo,
Fecha de publicación, distribución, etc. 1970.
300 ## - DESCRIPCIÓN FÍSICA
Extensión 157 p. :
Otras características físicas il. ;
Dimensiones 19 cm.
490 1# - MENCIÓN DE SERIE
Mención de serie Edime,
Designación de volumen o secuencia 69
534 ## - NOTA SOBRE LA VERSIÓN ORIGINAL
Encabezamiento principal del original Título en inglés :
Mención de título del original Improve your golf
650 #0 - PUNTO DE ACCESO ADICIONAL DE MATERIA--TÉRMINO DE MATERIA
Término de materia o nombre geográfico como elemento de entrada Golf
9 (RLIN) 12526
650 #4 - PUNTO DE ACCESO ADICIONAL DE MATERIA--TÉRMINO DE MATERIA
Término de materia o nombre geográfico como elemento de entrada Juegos de pelota
9 (RLIN) 12557
650 #0 - PUNTO DE ACCESO ADICIONAL DE MATERIA--TÉRMINO DE MATERIA
Término de materia o nombre geográfico como elemento de entrada Jugadores de golf
9 (RLIN) 44466
650 #4 - PUNTO DE ACCESO ADICIONAL DE MATERIA--TÉRMINO DE MATERIA
Término de materia o nombre geográfico como elemento de entrada Campo de golf
Subdivisión general Construcción y cuidado
9 (RLIN) 44467
700 1# - PUNTO DE ACCESO ADICIONAL--NOMBRE DE PERSONA
Nombre de persona Maceín Sinova, Jaime,
Término indicativo de función/relación tr.
9 (RLIN) 44468
830 #0 - PUNTO DE ACCESO ADICIONAL DE SERIE-TÍTULO UNIFORME
Título uniforme Edime,
Designación de volumen o secuencia 69
9 (RLIN) 12783
Holdings
Estado de retiro Estado de pérdida Restricciones de uso No para préstamo Código de colección Localización permanente Ubicación/localización actual Ubicación en estantería Fecha de adquisición Número de inventario Total de préstamos Signatura topográfica completa Código de barras Fecha visto por última vez Precio válido a partir de Tipo de ítem Koha
        Monografías: Libros y Folletos General General En catalogación 03.09.2010 LF1   796.352 C877m 21281-10 25.06.2020 25.06.2020 Préstamo en sala

Powered by Koha